000 00457nam a22001577a 4500
020 _a9781905437795
041 _aENG
082 _a741.5941
_bWAG
100 _aWagner, John
245 _aJudge Dredd:
_bthe complete case files 11 /
_cJohn Wagner, Carlos Ezquerra
260 _aWellingborough :
_bGutenberg Press ,
_c2009.
300 _avarious pages :
_billustrations ;
_c24 cm.
650 _aGraphic novels
650 _aScience fiction
942 _2ddc
_cBK
999 _c23994
_d23994